Povolanie: rodičia

Bibliographic Details
Main Authors: Chiland, Colette (Author), Bartošovič, Viliam zost. a prekl (Author)
Format: Article
Language:Slovak
PhysicalDescription:Obr. 1
Subjects:

MARC

LEADER 00000nab a2200000 a 4500
001 vtls000544243
003 SK-MaSNL
005 20260304094955.0
008 250425c1995 xo 0 slo
015 |a SNBRB19rr/mm-uuuuu 
035 |a CL0544381 
035 |a urn:nbn:sk:snk-abbp26 
035 |a (urnnbn)urn:nbn:sk:snk:ar-000ysf 
035 |a (uuid)02209797-bded-4807-b28c-3c0eda8dd01b 
040 |a SNKBUCL  |b slo  |c SNKBUCL  |e AACR2 
041 0 |a slo 
044 |a xo  |c SK 
080 |a 37.018.1  |2 1981 
100 1 |a Chiland, Colette  |4 aut  |9 1391812 
245 1 0 |a Povolanie: rodičia  |c Colette Chiland, Viliam Bartošovič 
300 |b Obr. 1 
650 0 7 |a rodinná výchova  |2 snkbucl  |9 66934 
655 7 |a články z novín a časopisov  |2 snkbucl  |9 267496 
700 1 |a Bartošovič, Viliam  |c zost. a prekl  |4 aut  |9 169972 
773 0 |t Rodina a škola  |g Roč. 42, č. 4 (1995), s. 18-19 
850 |a Slovenská národná knižnica 
852 |a Slovenská národná knižnica 
954 |a odborná, vedecká literatúra pôvodná (slovenská)  |2 lita 
958 |a article15 
958 |a RK 
958 |a OND 
958 |a EUIPO 
992 |a RBX 
999 |c 2829994  |d 2831924